00329nam a2200145Ia 4500003000500000008004100005020001800046040001900064082000700083100002400090245001800114260003100132300000800163546001200171STCL181203s9999 xx 000 0 und d a9780140375282 aSTCLbENcSTCL 222 aMacPhail, Catherine 0aRun, Zan, Run bPuffin BooksaLondonc1996 a153 aEnglish